| 000 | 00823cam a22002532 4500 | ||
|---|---|---|---|
| 001 | 0000002452 | ||
| 005 | 20151217151854.0 | ||
| 008 | 070411s xx 000 0 eng d | ||
| 020 | _a0324002262 (alk. paper) : | ||
| 020 | _a0538856300 | ||
| 040 |
_aKABU _cKABU |
||
| 050 | 0 |
_aHF5657.4 _b.H36 1997 |
|
| 100 | 1 |
_aHansen, Don R. _@0000151820 |
|
| 245 | 1 | 0 |
_aManagement accounting / _cDon R. Hansen, Maryanne M. Mowen. |
| 250 | _a4th ed. | ||
| 260 |
_aCincinnati : _bSouth-Western College Publishing, _cc1997. |
||
| 300 |
_axxx, 808 p. : _bcol. ill. ; _c29 cm. |
||
| 504 | _aIncludes bibliographical references and index. | ||
| 650 | 0 |
_aManagerial accounting. _@0000151472 |
|
| 700 | 1 |
_aMowen, Maryanne M. _@0000151821 |
|
| 908 | _a070411 | ||
| 950 | _@1 | ||
| 999 |
_c5864 _d5864 |
||